| 000 | 00893nam a2200229Ia 4500 | ||
|---|---|---|---|
| 999 |
_c35807 _d35807 |
||
| 001 | 1695 | ||
| 003 | GE_BSU | ||
| 005 | 20250520143838.0 | ||
| 008 | 181216s1960||||ge |||||||||||||| ||geo|| | ||
| 040 | _cGE_BSU | ||
| 041 | _ageo | ||
| 080 | _a811.353.1 ნ–90 | ||
| 100 |
_aნოღაიდელი, ჯ. _925081 |
||
| 245 |
_aაჭარული კილოს თავისებურებანი / _cჯ. ნოღაიდელი. |
||
| 264 |
_aბათუმი : _bაჭარის სახელგამი, _c 1960. |
||
| 300 |
_a198 გვ. _b 21 სმ. |
||
| 504 | _aბიბლიოგრ. შენიშვნებში. | ||
| 653 | _aქართული ენის დიალექტები | ||
| 653 | _aაჭარული კილო | ||
| 700 |
_aკიზირია, ა. _eრედაქტორი _925082 |
||
| 942 |
_cBK _2udc |
||